[Event "La Pampa Pico Cup"]
[Site "La Pampa"]
[Date "2021.12.05"]
[Round "5"]
[White "Palma, Valentin"]
[Black "Ruiz, Pablo"]
[Result "1-0"]
[WhiteElo "1447"]
[BlackElo "1682"]
[PlyCount "65"]
[EventDate "2021.12.03"]
[EventType "swiss"]
[EventRounds "6"]
[EventCountry "ARG"]
[SourceTitle "CBM 205 Extra"]
[Source "ChessBase"]
[SourceDate "2022.01.31"]
[SourceVersion "1"]
[SourceVersionDate "2022.01.31"]
[SourceQuality "1"]

1. c4 Nf6 2. g3 e5 3. Bg2 d5 4. cxd5 Nxd5 5. Nc3 Nb6 6. Nf3 Nc6 7. 0-0 Be7 8. d3 g5 9. b3 g4 10. Nd2 h5 11. Nc4 h4 12. Nxb6 axb6 13. Nd5 Bc5 14. e3 Be6 15. b4 Bf8 16. b5 Na5 17. Nc3 hxg3 18. fxg3 Qg5 19. Ne4 Qh6 20. Nf6+ Kd8 21. Nxg4 Bxg4 22. Qxg4 Qxh2+ 23. Kf2 Qh5 24. Qxh5 Rxh5 25. g4 Rh7 26. Kg3 Be7 27. Bb2 f6 28. Be4 Rh8 29. Rh1 Kd7 30. Bf5+ Kd6 31. Ba3+ c5 32. bxc6+ Kxc6 33. Bxe7 1-0

[Event "ARG-ch sf Mem Baby Anconetani"]
[Site "General Pico"]
[Date "2018.09.09"]
[Round "5.1"]
[White "Ruiz, Pablo"]
[Black "Montiel, Angel Nathanael"]
[Result "1-0"]
[WhiteElo "1750"]
[BlackElo "1545"]
[PlyCount "103"]
[EventDate "2018.09.08"]
[EventType "swiss"]
[EventRounds "6"]
[EventCountry "ARG"]
[SourceTitle "EXT 2024"]
[Source "ChessBase"]
[SourceDate "2023.10.10"]
[SourceVersion "1"]
[SourceVersionDate "2023.10.10"]
[SourceQuality "1"]

1. e4 c5 2. Nf3 d6 3. d4 cxd4 4. Nxd4 Nf6 5. Nc3 a6 6. Be2 e5 7. Nb3 Be7 8. Bg5 Be6 9. 0-0 0-0 10. Kh1 h6 11. Be3 d5 12. exd5 Nxd5 13. Nxd5 Qxd5 14. Qxd5 Bxd5 15. Rad1 Bc6 16. Na5 Bb5 17. c4 Bc6 18. Nxc6 Nxc6 19. Bb6 Bf6 20. Rd7 Rab8 21. Bf3 Rfe8 22. Bd5 Re7 23. Rxe7 Nxe7 24. Be4 Rc8 25. b3 Nc6 26. Rd1 Nd4 27. Bxd4 exd4 28. Bxb7 Re8 29. Bf3 a5 30. g3 Rb8 31. Bc6 Rb6 32. Be4 g6 33. Kg2 Kf8 34. c5 Re6 35. Kf3 Be5 36. a3 f5 37. Bd5 Re8 38. b4 g5 39. b5 g4+ 40. Kg2 Rd8 41. Bc4 Rc8 42. c6 Ke7 43. a4 Kd6 44. Bd3 Rf8 45. Rc1 Kc7 46. Rc5 Kd6 47. Rc2 Kc7 48. f4 gxf3+ 49. Kxf3 f4 50. g4 Kb6 51. Re2 Re8 52. h4 1-0

[Event "ARG-ch sf Mem Baby Anconetani"]
[Site "General Pico"]
[Date "2018.09.08"]
[Round "3.3"]
[White "Rautenberg, Raul"]
[Black "Ruiz, Pablo"]
[Result "0-1"]
[WhiteElo "1714"]
[BlackElo "1750"]
[PlyCount "94"]
[EventDate "2018.09.08"]
[EventType "swiss"]
[EventRounds "6"]
[EventCountry "ARG"]
[SourceTitle "EXT 2024"]
[Source "ChessBase"]
[SourceDate "2023.10.10"]
[SourceVersion "1"]
[SourceVersionDate "2023.10.10"]
[SourceQuality "1"]

1. d4 Nf6 2. e3 e6 3. Bd3 b6 4. f4 Bb7 5. Nf3 c5 6. Nbd2 Nc6 7. c3 cxd4 8. exd4 Be7 9. 0-0 0-0 10. Ne5 d6 11. Ng4 Qc7 12. Rf3 Nxg4 13. Rh3 f5 14. Be2 Nf6 15. g4 Nd8 16. g5 Ne4 17. Bd3 Nxg5 18. fxg5 Bxg5 19. Qh5 h6 20. Nf3 Bxc1 21. Rxc1 Qe7 22. Qh4 Qf6 23. Qf4 Nf7 24. Qd2 Rac8 25. Rf1 Ng5 26. Nxg5 Qxg5+ 27. Qxg5 hxg5 28. Re3 Rf6 29. Rfe1 Kf7 30. c4 f4 31. Rh3 Rh6 32. Rxh6 gxh6 33. b3 Kf6 34. h3 e5 35. d5 b5 36. Kf2 b4 37. Rg1 Rh8 38. h4 Bc8 39. a3 Bf5 40. Bxf5 Kxf5 41. axb4 g4 42. Ra1 Rh7 43. c5 g3+ 44. Kg2 Kg4 45. c6 f3+ 46. Kh1 Kh3 47. Kg1 e4 0-1

[Event "Santa Rosa op 3rd"]
[Site "Santa Rosa"]
[Date "2018.07.08"]
[Round "4.6"]
[White "Arevalo, Santiago Martin"]
[Black "Ruiz, Pablo"]
[Result "1-0"]
[WhiteElo "2078"]
[BlackElo "1746"]
[PlyCount "100"]
[EventDate "2018.07.07"]
[EventType "swiss"]
[EventRounds "6"]
[EventCountry "ARG"]
[SourceTitle "EXT 2024"]
[Source "ChessBase"]
[SourceDate "2023.10.10"]
[SourceVersion "1"]
[SourceVersionDate "2023.10.10"]
[SourceQuality "1"]

1. d4 Nf6 2. Bf4 e6 3. Nf3 b6 4. e3 Bb7 5. Bd3 c5 6. c3 cxd4 7. exd4 Be7 8. h3 0-0 9. Nbd2 d6 10. Qe2 Nbd7 11. 0-0 Re8 12. Rfe1 Rc8 13. Ng5 e5 14. dxe5 dxe5 15. Bg3 h6 16. Nge4 Nc5 17. Nxc5 Bxc5 18. Bf5 Qd5 19. Nf3 e4 20. Bxc8 exf3 21. Bxb7 fxe2 22. Bxd5 Nxd5 23. Rac1 f5 24. b4 Bf8 25. Rc2 f4 26. Bh2 g5 27. Rexe2 Rxe2 28. Rxe2 Nxc3 29. Rb2 Bg7 30. Rc2 b5 31. g3 f3 32. g4 Kf7 33. Bb8 Bd4 34. Bxa7 Ne2+ 35. Kf1 Bc3 36. Be3 Bxb4 37. Rb2 Bd6 38. Rxb5 Nc3 39. Rf5+ Ke6 40. Rxf3 Nxa2 41. Bd2 Nb4 42. Bxb4 Bxb4 43. Rf5 Bd2 44. Ke2 Bc1 45. Kd3 Ke7 46. Ke4 Ke6 47. Rc5 Ba3 48. Rc6+ Bd6 49. Rxd6+ Kxd6 50. Kf5 Kd5 1-0

[Event "Santa Rosa op 3rd"]
[Site "Santa Rosa"]
[Date "2018.07.07"]
[Round "2.3"]
[White "Leskovar, Mario Leopoldo"]
[Black "Ruiz, Pablo"]
[Result "1-0"]
[WhiteElo "2252"]
[BlackElo "1746"]
[PlyCount "65"]
[EventDate "2018.07.07"]
[EventType "swiss"]
[EventRounds "6"]
[EventCountry "ARG"]
[SourceTitle "EXT 2024"]
[Source "ChessBase"]
[SourceDate "2023.10.10"]
[SourceVersion "1"]
[SourceVersionDate "2023.10.10"]
[SourceQuality "1"]

1. b3 e5 2. Bb2 Nc6 3. e3 Nf6 4. Bb5 d6 5. d4 exd4 6. Qxd4 Bd7 7. Bxc6 Bxc6 8. Nf3 Be7 9. Nc3 Qd7 10. 0-0-0 b6 11. e4 0-0-0 12. Qc4 d5 13. exd5 Bxd5 14. Qa6+ Kb8 15. Nb5 Qc6 16. Qxa7+ Kc8 17. Qa4 Qa8 18. Qf4 Ne8 19. a4 Nd6 20. Rhe1 Be6 21. Nbd4 Bf6 22. Nxe6 Bxb2+ 23. Kxb2 fxe6 24. Qg4 Nf5 25. Rxd8+ Rxd8 26. Rxe6 g6 27. Qe4 Qxe4 28. Rxe4 Rd1 29. Re1 Rd7 30. g4 Nh6 31. h3 Kb7 32. Ne5 Rd2 33. Nd3 1-0

[Event "ARG-ch sf U2300"]
[Site "General Pico"]
[Date "2018.05.12"]
[Round "1.6"]
[White "Sortino, Damian"]
[Black "Ruiz, Pablo"]
[Result "1/2-1/2"]
[WhiteElo "1343"]
[BlackElo "1749"]
[PlyCount "76"]
[EventDate "2018.05.12"]
[EventType "swiss"]
[EventRounds "6"]
[EventCountry "ARG"]
[SourceTitle "EXT 2024"]
[Source "ChessBase"]
[SourceDate "2023.10.10"]
[SourceVersion "1"]
[SourceVersionDate "2023.10.10"]
[SourceQuality "1"]

1. e4 c5 2. Nf3 Nc6 3. d4 cxd4 4. Nxd4 d6 5. Nc3 Nf6 6. Bb5 Bd7 7. 0-0 a6 8. Be2 e5 9. Nf5 Nxe4 10. Nxg7+ Bxg7 11. Nxe4 0-0 12. Nxd6 Nd4 13. Be3 Nxe2+ 14. Qxe2 Qc7 15. Rfd1 b5 16. Ne4 f5 17. Nc3 Bc6 18. f3 Rfd8 19. Rxd8+ Rxd8 20. Rd1 Rxd1+ 21. Qxd1 b4 22. Ne2 f4 23. Bf2 Bb5 24. Nc1 Qc4 25. b3 Qc6 26. Nd3 e4 27. Ne1 Kf7 28. Bh4 Qd7 29. Qxd7+ Bxd7 30. Kf2 Bf6 31. Bxf6 Kxf6 32. h4 h6 33. g3 Kf5 34. Nd3 e3+ 35. Ke2 Bb5 36. Ke1 Bc6 37. Nc5 Kg6 38. Nd3 Kf5 1/2-1/2

[Event "ARG-ch sf U2000/2300 Ruiz Memorial"]
[Site "General Pico"]
[Date "2017.09.02"]
[Round "1.2"]
[White "Ruiz, Pablo"]
[Black "Garcia Pochettino, Ignacio"]
[Result "1-0"]
[WhiteElo "1848"]
[BlackElo "1706"]
[PlyCount "101"]
[EventDate "2017.09.02"]
[EventType "swiss"]
[EventRounds "6"]
[EventCountry "ARG"]
[SourceTitle "EXT 2024"]
[Source "ChessBase"]
[SourceDate "2023.10.10"]
[SourceVersion "1"]
[SourceVersionDate "2023.10.10"]
[SourceQuality "1"]

1. e4 e6 2. d4 d5 3. Nc3 dxe4 4. Nxe4 Nc6 5. Bb5 Bd7 6. Nf3 Nf6 7. Bg5 Be7 8. Nc5 a6 9. Nxd7 Qxd7 10. Ne5 Qd6 11. Bxc6+ bxc6 12. 0-0 0-0 13. Qf3 Nd5 14. Bxe7 Nxe7 15. c3 Qd5 16. c4 Qxf3 17. Nxf3 Rab8 18. b3 Rfd8 19. Rad1 a5 20. Rb1 Rd6 21. g4 Ng6 22. Rfe1 Nf4 23. Re3 Rbd8 24. Rbe1 h6 25. h4 Rb8 26. Kh2 Ng6 27. Kg3 Re8 28. h5 Nf8 29. Re5 Ra8 30. R5e4 a4 31. b4 a3 32. R1e3 Ra4 33. Rb3 Nd7 34. Ree3 Kf8 35. Rxa3 Rxb4 36. c5 Rd5 37. Ra7 Nb8 38. Rxc7 Rd8 39. a3 Ra4 40. Ne5 f6 41. Ng6+ Kg8 42. Ne7+ Kf8 43. Nxc6 Nxc6 44. Rxc6 Rdxd4 45. f3 e5 46. Rc7 Ra8 47. Rb3 Rf4 48. c6 Kg8 49. Rd7 Rc4 50. c7 Rc8 51. Rd8+ 1-0